La política exterior de España en el siglo XVI

Αποθηκεύτηκε σε:
Λεπτομέρειες βιβλιογραφικής εγγραφής
Κύριος συγγραφέας: Doussinague, José Miguel (Συγγραφέας)
Μορφή: Βιβλίο
Γλώσσα:Ισπανικά
Έκδοση: Madrid, España Ministerio de Asuntos Exteriores 1949
Θέματα:
Ετικέτες: Προσθήκη ετικέτας
Δεν υπάρχουν, Καταχωρήστε ετικέτα πρώτοι!

MARC

LEADER 00000nam a2200000 a 4500
001 UCO0935
003 CL-VaPUC
005 20210604001803.0
008 000428e19490000SP |||||||||||||||||spa|d
999 |c 287571  |d 287569 
040 |c Pontificia Universidad Católica de Valparaíso 
082 0 4 |a 327.46 DOU 1949  |2 21 
100 0 |a Doussinague, José Miguel  |e author  |9 442582 
245 1 3 |a La política exterior de España en el siglo XVI 
260 |a Madrid, España  |b Ministerio de Asuntos Exteriores  |c 1949 
300 |a 444 páginas 
583 |a last modification  |c 20160817 04:37:49  |k Rodrigo Vera 
650 0 |a Política exterior   |z ESPAÑA  |9 316628 
650 0 |a Relaciones Exteriores  |z ESPAÑA  |9 255379 
650 7 |a HISTORIA DE ESPAÑA  |2 CL-VaPUC  |9 318547  |y SIGLO 16 
852 |a BIBCUR 
942 |c BK  |2 ddc 
945 |d 20000428 00:00:00  |a rherrera 
952 |0 0  |1 0  |2 ddc  |4 0  |6 327_460000000000000_DOU_1949  |7 0  |8 X  |9 334484  |a BIBHIS  |b BIBHIS  |d 2019-11-20  |i 1268252  |o 327.46 DOU 1949  |p 1268252  |r 2024-01-30  |t 1  |w 2019-11-20  |y BK_X  |k HIS